Catálogo de la Biblioteca Horacio González - Universidad Nacional de General Sarmiento

¿Cómo se baila el tango? (Registro nro. 53610)

Detalles MARC
000 -CABECERA
campo de control de longitud fija 00492ngm a22002050a 4500
001 - NÚMERO DE CONTROL
campo de control PT39876
003 - IDENTIFICADOR DEL NÚMERO DE CONTROL
campo de control AR-LpoUNG
005 - FECHA Y HORA DE LA ÚLTIMA TRANSACCIÓN
campo de control 20210201235843.0
007 - CAMPO FIJO DE DESCRIPCIÓN FÍSICA--INFORMACIÓN GENERAL
campo de control de longitud fija vd cvaizq
008 - DATOS DE LONGITUD FIJA--INFORMACIÓN GENERAL
campo de control de longitud fija 191001s2009||||ag |||||||||||||||||spa d
037 ## - FUENTE DE ADQUISICIÓN
Condiciones de disponibilidad $1.12
040 ## - FUENTE DE LA CATALOGACIÓN
Centro catalogador/agencia de origen AR-LpoUNG
Lengua de catalogación spa
Centro/agencia transcriptor AR-LpoUNG
Normas de descripción aacr
041 ## - CÓDIGO DE LENGUA
Código de lengua del texto/banda sonora o título independiente spa
044 ## - CÓDIGO DEL PAÍS DE LA ENTIDAD EDITORA/PRODUCTORA
Código MARC del país ag
100 1# - ENTRADA PRINCIPAL--NOMBRE DE PERSONA
Nombre de persona Tello, Guillermo
Término indicativo de función/relación dir.
245 10 - MENCIÓN DE TÍTULO
Título ¿Cómo se baila el tango?
260 ## - PUBLICACIÓN, DISTRIBUCIÓN, ETC.
Lugar de publicación, distribución, etc. Buenos Aires :
Nombre del editor, distribuidor, etc. Miradas al sur,
Fecha de publicación, distribución, etc. 2009.
905 ## - ELEMENTOS DE DATOS E LOCAL, LDE (RLIN)
a 39876
942 ## - ELEMENTOS DE PUNTO DE ACCESO ADICIONAL (KOHA)
Tipo de ítem Koha DVD

No hay ítems disponibles.